00970 2200313 4500001002100000005001500021035002500036007000300061008004100064020002200105040001700127041000800144082001400152084001600166090002000182090002200202100004400224245012300268250002600391260003600417300004600453504003300499650002100532650002500553850001200578999002200590990002200612990002200634INLIS00000000003423220200619021855 a0010-031800000000175ta180305s2014 yoia g f 0 ind d a978-602-280-482-6 aYOPDYOGbind0 aind04223a711.4 a711.4 DED t aDEP 711.4 DED t aCB-D.11 2014-26030 aDeddy Kurniawan Halimd1970-ePengarang1 aTeori N-Green :bmempertemukan psikologi hijau dan arsitektur hijau di ruang publik perkotaan /cDeddy Kurniawan Halim aCetakan pertama, 20143 aYogyakarta :bDeepublish,c2014 axxviii, 223 halaman :bilustrasi ;c25 cm aBibliografi: halaman 200-207 4aPerencanaan Kota 4aTata Kota dan Daerah aYOPDYOG aCB-D.11/2014-2603 aCB-D.11/2014-2603 aCB-D.11/2014-2603